[Event "South Normanton 4NCL op-B 23rd"]
[Site "South Normanton"]
[Date "2019.10.05"]
[Round "3"]
[White "Clegg, Robert"]
[Black "Spanton, Timothy"]
[Result "0-1"]
[WhiteElo "1741"]
[BlackElo "1900"]
[PlyCount "76"]
[EventDate "2019.10.04"]
[EventType "swiss"]
[EventRounds "5"]
[EventCountry "ENG"]
[SourceTitle "CBM 193 Extra"]
[Source "ChessBase"]
[SourceDate "2020.01.31"]
[SourceVersion "1"]
[SourceVersionDate "2020.01.31"]
[SourceQuality "1"]

1. d4 d5 2. c4 e6 3. Nc3 Nf6 4. cxd5 exd5 5. Bg5 Be7 6. e3 0-0 7. Bd3 Nbd7 8. Nge2 Re8 9. 0-0 Nf8 10. a3 c6 11. b4 a6 12. Qb3 Ng4 13. Bf4 Ng6 14. Bg3 Bd6 15. h3 Bxg3 16. Nxg3 Nf6 17. a4 Be6 18. Qc2 Qd7 19. f4 Bxh3 20. f5 Rxe3 21. Nce2 Bxg2 22. Kxg2 Nh4+ 23. Kf2 Ng4+ 24. Ke1 Qd6 25. Nh1 Rae8 26. Kd2 Qh2 27. Rad1 Nf3+ 28. Rxf3 Rxf3 29. Kc1 Rfe3 30. Qd2 Qh6 31. Kc2 Qd6 32. Rg1 h5 33. Nhg3 Nf6 34. Nf1 R3e7 35. Kd1 Ne4 36. Qe1 Qf6 37. Nfg3 Nxg3 38. Qxg3 Re3 0-1

[Event "Torquay Rowena Challengers"]
[Site "Torquay"]
[Date "2019.09.06"]
[Round "6"]
[White "Clegg, Robert"]
[Black "Ingham, H William"]
[Result "1/2-1/2"]
[WhiteElo "1768"]
[BlackElo "1841"]
[PlyCount "95"]
[EventDate "2019.09.01"]
[EventType "swiss"]
[EventRounds "7"]
[EventCountry "ENG"]
[SourceTitle "CBM 192 Extra"]
[Source "Chessbase"]
[SourceDate "2019.11.06"]
[SourceVersion "1"]
[SourceVersionDate "2019.11.06"]
[SourceQuality "1"]

1. d4 d6 2. Nf3 c6 3. c4 Nf6 4. Nc3 Nbd7 5. e4 e5 6. d5 Be7 7. Be2 0-0 8. 0-0 Nc5 9. Qc2 a5 10. Be3 cxd5 11. cxd5 b6 12. Nd2 Ba6 13. Bxa6 Nxa6 14. f3 Rc8 15. Qa4 Nc5 16. Qb5 Nfd7 17. Rfc1 Bg5 18. Qe2 Bxe3+ 19. Qxe3 f5 20. b3 fxe4 21. Ndxe4 Nxe4 22. Nxe4 Rxc1+ 23. Rxc1 Nc5 24. a3 a4 25. b4 Nxe4 26. Qxe4 b5 27. Rc6 Qg5 28. Qd3 Qf4 29. Rc3 Qf6 30. Qxb5 e4 31. Qc4 exf3 32. Rxf3 Qa1+ 33. Kf2 Rxf3+ 34. gxf3 Qxa3 35. Qc8+ Kf7 36. Qe6+ Kf8 37. Qxd6+ Ke8 38. Qb8+ Kf7 39. Qf4+ Kg6 40. Qe4+ Kf7 41. d6 Qb2+ 42. Kg3 Qf6 43. d7 Qd6+ 44. f4 Qxd7 45. Qxh7 Qd4 46. Qf5+ Kg8 47. Qc8+ Kh7 48. Qf5+ 1/2-1/2

[Event "GBR-ch Soanes op 106th"]
[Site "Torquay"]
[Date "2019.07.28"]
[Round "4"]
[White "Tassell, Hugh G"]
[Black "Clegg, Robert"]
[Result "1-0"]
[WhiteElo "1657"]
[BlackElo "1819"]
[PlyCount "73"]
[EventDate "2019.07.26"]
[EventType "swiss"]
[EventRounds "5"]
[EventCountry "ENG"]
[SourceTitle "EXT 2021"]
[Source "ChessBase"]
[SourceDate "2020.10.23"]
[SourceVersion "1"]
[SourceVersionDate "2020.10.23"]
[SourceQuality "1"]

1. e4 e6 2. g3 d5 3. Bg2 Nf6 4. exd5 exd5 5. d4 Nc6 6. Ne2 Bg4 7. f3 Bf5 8. c3 Qd7 9. Nd2 Bd6 10. 0-0 0-0-0 11. Nb3 Rde8 12. Bf4 Bxf4 13. Nxf4 g5 14. Nc5 Qe7 15. Bh3 Bxh3 16. Nxh3 b6 17. Nd3 h6 18. Re1 Qd7 19. Nhf2 Qf5 20. Kg2 h5 21. Qd2 Kd8 22. b4 Nd7 23. a4 a5 24. b5 Ne7 25. Ne5 Ng6 26. Qxg5+ Qxg5 27. Nxf7+ Kc8 28. Nxg5 Nf6 29. h4 Kd7 30. Nd3 Kd6 31. Nf7+ Kd7 32. Nxh8 Rxh8 33. Ne5+ Nxe5 34. Rxe5 Rh6 35. Rae1 Kc8 36. Re6 Kb7 37. Rc6 1-0

[Event "GBR-ch Soanes op 106th"]
[Site "Torquay"]
[Date "2019.07.27"]
[Round "3"]
[White "Clegg, Robert"]
[Black "Gartside, Carl"]
[Result "0-1"]
[WhiteElo "1819"]
[BlackElo "1776"]
[PlyCount "128"]
[EventDate "2019.07.26"]
[EventType "swiss"]
[EventRounds "5"]
[EventCountry "ENG"]
[SourceTitle "EXT 2021"]
[Source "ChessBase"]
[SourceDate "2020.10.23"]
[SourceVersion "1"]
[SourceVersionDate "2020.10.23"]
[SourceQuality "1"]

1. d4 Nf6 2. c4 e6 3. Nc3 Bb4 4. Qc2 Nc6 5. Nf3 d6 6. Bd2 0-0 7. e3 Qe7 8. a3 Bxc3 9. Bxc3 e5 10. d5 Nb8 11. Be2 a5 12. 0-0 a4 13. Rfd1 Nbd7 14. Nd2 Nc5 15. b4 axb3 16. Nxb3 Nfe4 17. Be1 Bd7 18. Nxc5 Nxc5 19. Rdb1 Ra7 20. Bb4 b6 21. Bxc5 bxc5 22. Qc3 f5 23. Rb2 f4 24. e4 Qh4 25. Qf3 g5 26. Qh5 Qxh5 27. Bxh5 Rfa8 28. Rb3 Kf8 29. Be2 Ke7 30. Kf1 g4 31. Ke1 h5 32. Kd2 c6 33. dxc6 Bxc6 34. Bd3 Kd7 35. Bc2 Ke6 36. Rc3 h4 37. a4 Rb8 38. a5 Rb2 39. Kd3 Bb7 40. f3 gxf3 41. gxf3 Ba6 42. Rb1 Ra2 43. Rg1 Kf6 44. Rg8 Rxa5 45. Rh8 Kg5 46. Rd8 Ra1 47. Rxd6 Rh1 48. Rd5 Kf6 49. Rxc5 Rd7+ 50. Rd5 Ke6 51. Ba4 Rxd5+ 52. exd5+ Kd6 53. Rc2 Rd1+ 54. Ke2 Rxd5 55. Be8 Kc5 56. Bf7 Bxc4+ 57. Rxc4+ Kxc4 58. Kf2 Kd4 59. Bxd5 Kxd5 60. Ke2 Kd4 61. Kd2 h3 62. Ke2 Kc3 63. Ke1 Kd3 64. Kf2 Kd2 0-1

[Event "GBR-ch Soanes op 106th"]
[Site "Torquay"]
[Date "2019.07.26"]
[Round "1"]
[White "Clegg, Robert"]
[Black "Ball, Matthew P"]
[Result "1-0"]
[WhiteElo "1819"]
[BlackElo "1623"]
[PlyCount "73"]
[EventDate "2019.07.26"]
[EventType "swiss"]
[EventRounds "5"]
[EventCountry "ENG"]
[SourceTitle "EXT 2021"]
[Source "ChessBase"]
[SourceDate "2020.10.23"]
[SourceVersion "1"]
[SourceVersionDate "2020.10.23"]
[SourceQuality "1"]

1. d4 d5 2. c4 e6 3. Nc3 Nf6 4. cxd5 exd5 5. Bg5 Nbd7 6. e3 c6 7. Bd3 Qa5 8. Nge2 Bd6 9. 0-0 0-0 10. a3 Qc7 11. h3 Re8 12. Rc1 a6 13. b4 b5 14. Qc2 Bb7 15. Kh1 Rac8 16. Bf5 h6 17. Bh4 Nb6 18. Bxc8 Qxc8 19. Bg3 Qb8 20. a4 Nc4 21. Bxd6 Qxd6 22. axb5 axb5 23. Na2 Ne4 24. Nf4 Ncd2 25. Nd3 Nxf1 26. Rxf1 Bc8 27. Ne5 Bb7 28. Rc1 f6 29. Nf3 Kf7 30. Qe2 Ra8 31. Ne1 Bc8 32. Nd3 Bf5 33. g4 Bd7 34. Kg2 Ra4 35. Nc3 Nxc3 36. Rxc3 Ra7 37. Nc5 1-0

[Event "Paignton Morning Boniface op"]
[Site "Torquay"]
[Date "2018.09.07"]
[Round "5"]
[White "Gosling, Brian GE"]
[Black "Clegg, Robert"]
[Result "1-0"]
[WhiteElo "1786"]
[BlackElo "1819"]
[PlyCount "61"]
[EventDate "2018.09.03"]
[EventType "swiss"]
[EventRounds "5"]
[EventCountry "ENG"]
[SourceTitle "EXT 2021"]
[Source "ChessBase"]
[SourceDate "2020.10.23"]
[SourceVersion "1"]
[SourceVersionDate "2020.10.23"]
[SourceQuality "1"]

1. e4 e6 2. d3 d5 3. Nd2 c5 4. Ngf3 Bd6 5. g3 Ne7 6. Bg2 Nbc6 7. 0-0 0-0 8. h4 Qc7 9. Re1 Bd7 10. Nf1 Rac8 11. c3 b5 12. a3 a5 13. Bh3 b4 14. axb4 axb4 15. e5 Nxe5 16. Nxe5 Bxe5 17. Rxe5 Qxe5 18. Bf4 Qf6 19. Bg5 Qg6 20. Bxe7 Rfe8 21. h5 Qh6 22. Bd6 bxc3 23. bxc3 g6 24. Ra7 Bc6 25. Qf3 f5 26. d4 cxd4 27. cxd4 gxh5 28. Be5 Ra8 29. Rg7+ Kf8 30. Bxf5 Qxg7 31. Bxe6+ 1-0

[Event "Paignton Morning Boniface op"]
[Site "Torquay"]
[Date "2018.09.06"]
[Round "4"]
[White "Clegg, Robert"]
[Black "Abbott, Mark V"]
[Result "1-0"]
[WhiteElo "1819"]
[BlackElo "1880"]
[PlyCount "79"]
[EventDate "2018.09.03"]
[EventType "swiss"]
[EventRounds "5"]
[EventCountry "ENG"]
[SourceTitle "EXT 2021"]
[Source "ChessBase"]
[SourceDate "2020.10.23"]
[SourceVersion "1"]
[SourceVersionDate "2020.10.23"]
[SourceQuality "1"]

1. d4 Nf6 2. c4 c5 3. d5 b5 4. cxb5 a6 5. bxa6 g6 6. Nc3 Bxa6 7. Nf3 d6 8. e4 Bxf1 9. Kxf1 Bg7 10. g3 0-0 11. Kg2 Nbd7 12. a4 Ra6 13. Qc2 Qa8 14. Nd2 e6 15. dxe6 fxe6 16. Re1 d5 17. exd5 exd5 18. Kg1 Ng4 19. Re2 Nxf2 20. Rxf2 Bd4 21. Nd1 Raf6 22. Nb3 Bxf2+ 23. Nxf2 Rxf2 24. Qxf2 Rxf2 25. Kxf2 Qf8+ 26. Kg2 Qf5 27. Nd2 Ne5 28. a5 Qd3 29. a6 Qe2+ 30. Kh3 g5 31. a7 g4+ 32. Kh4 Qxh2+ 33. Kg5 Kf7 34. Ra6 Qxg3 35. a8Q Nf3+ 36. Nxf3 gxf3+ 37. Kf5 Qh3+ 38. Ke5 Qh5+ 39. Kf4 f2 40. Qb7+ 1-0

[Event "Torquay Paignton Rowena op"]
[Site "Torquay"]
[Date "2018.09.05"]
[Round "4"]
[White "O'Gorman, Brendan"]
[Black "Clegg, Robert"]
[Result "1-0"]
[WhiteElo "154"]
[BlackElo "163"]
[PlyCount "55"]
[EventDate "2018.09.02"]
[EventType "swiss"]
[EventRounds "7"]
[EventCountry "ENG"]
[SourceTitle "CBM 187 Extra"]
[Source "ChessBase"]
[SourceDate "2018.11.04"]
[SourceVersion "1"]
[SourceVersionDate "2018.11.04"]
[SourceQuality "1"]

1. c4 Nf6 2. Nc3 g6 3. e4 d6 4. d4 Bg7 5. Be2 0-0 6. f4 c5 7. Nf3 Na6 8. d5 Nc7 9. 0-0 a6 10. a4 Rb8 11. e5 Nfe8 12. h3 e6 13. Be3 b5 14. axb5 axb5 15. cxb5 exd5 16. Nxd5 Nxd5 17. Qxd5 Nc7 18. Qxd6 Qxd6 19. exd6 Ne6 20. Ne5 Rd8 21. Nc6 Bd7 22. Nxd8 Rxd8 23. b6 Bc6 24. Ra7 Bf8 25. f5 Nd4 26. Bc4 Bxd6 27. fxg6 hxg6 28. Rfxf7 1-0

[Event "Midland-ch op Major"]
[Site "Telford"]
[Date "2018.08.12"]
[Round "4.1"]
[White "Clegg, Robert"]
[Black "Ansari, Athar"]
[Result "0-1"]
[WhiteElo "1822"]
[BlackElo "1848"]
[PlyCount "128"]
[EventDate "2018.08.10"]
[EventType "swiss"]
[EventRounds "5"]
[EventCountry "ENG"]
[SourceTitle "EXT 2023"]
[Source "ChessBase"]
[SourceDate "2022.10.05"]
[SourceVersion "1"]
[SourceVersionDate "2022.10.05"]
[SourceQuality "1"]

1. d4 Nf6 2. c4 e6 3. Nc3 d5 4. cxd5 exd5 5. Bg5 Be7 6. e3 0-0 7. Bd3 Re8 8. Nge2 Ne4 9. Bxe7 Rxe7 10. Qc2 Nf6 11. 0-0 Nc6 12. a3 Bg4 13. f3 Bh5 14. e4 dxe4 15. Nxe4 Nxd4 16. Nxf6+ gxf6 17. Bxh7+ Kg7 18. Nxd4 Qxd4+ 19. Rf2 Rae8 20. Be4 Bg6 21. Rd1 Qb6 22. h3 Bxe4 23. fxe4 Rxe4 24. Kh2 c6 25. Rd3 Re3 26. Rxe3 Qxe3 27. g3 Rd8 28. Qf5 Qg5 29. Qc2 Rd5 30. Rf4 Qe5 31. Rf2 Qe3 32. Re2 Qc5 33. Qe4 Re5 34. Qg4+ Rg5 35. Qf3 a5 36. h4 Rg6 37. g4 Qd4 38. Kh3 Rh6 39. Qf5 Rh8 40. Rf2 Re8 41. h5 Re3+ 42. Kh4 Qe5 43. h6+ Kxh6 44. Qxf6+ Qxf6+ 45. Rxf6+ Kg7 46. Rf2 Kg6 47. Rd2 Re4 48. Kg3 Kg5 49. Rd7 Rxg4+ 50. Kf3 Rf4+ 51. Ke3 b5 52. Ra7 a4 53. Re7 f6 54. Rg7+ Kf5 55. Re7 Rc4 56. Kd3 Kf4 57. Rh7 f5 58. Rh4+ Kg3 59. Rh8 f4 60. Rg8+ Kf2 61. Re8 f3 62. Rg8 Kf1 63. Ke3 f2 64. Rh8 Ke1 0-1

[Event "GBR-ch 105th U2050"]
[Site "Hull"]
[Date "2018.08.03"]
[Round "5"]
[White "Wells, Jonathan C"]
[Black "Clegg, Robert"]
[Result "1-0"]
[WhiteElo "1955"]
[BlackElo "1822"]
[PlyCount "131"]
[EventDate "2018.07.30"]
[EventType "swiss"]
[EventRounds "5"]
[EventCountry "ENG"]
[SourceTitle "EXT 2019"]
[Source "ChessBase"]
[SourceDate "2018.10.10"]
[SourceVersion "1"]
[SourceVersionDate "2018.10.10"]
[SourceQuality "1"]

1. Nf3 Nf6 2. c4 g6 3. g3 Bg7 4. Bg2 0-0 5. d4 d6 6. Nc3 a6 7. 0-0 Nc6 8. h3 h6 9. e4 e5 10. d5 Ne7 11. Ne1 Nd7 12. Rb1 f5 13. f3 Nf6 14. Nd3 b6 15. Be3 Nh5 16. g4 Ng3 17. Re1 f4 18. Bf2 g5 19. Ne2 Nxe4 20. fxe4 f3 21. Ng3 fxg2 22. Nf5 Ng6 23. Kxg2 Rf7 24. b4 Bf8 25. Qc2 Rh7 26. c5 h5 27. Rh1 Bd7 28. Rbc1 Bb5 29. Be3 dxc5 30. bxc5 Bxd3 31. Qxd3 Bxc5 32. Qd2 Bxe3 33. Qxe3 Nf4+ 34. Kg3 Qd7 35. Rc6 Rd8 36. Rh2 Qxc6 37. dxc6 Rd3 38. Qxd3 Nxd3 39. gxh5 Nc5 40. Kg4 Kf7 41. Ng3 Rh6 42. Kxg5 Rxc6 43. Rf2+ Kg7 44. h6+ Kg8 45. Rf5 Ne6+ 46. Kg4 Rc5 47. Nh5 b5 48. Nf6+ Kh8 49. Nd7 Rc2 50. Rxe5 Rg2+ 51. Kf5 Nd4+ 52. Kf6 Rf2+ 53. Kg6 Rg2+ 54. Kf7 Rg8 55. Nf6 Rc8 56. Rg5 c5 57. h7 Rc7+ 58. Ke8 Rg7 59. Rxc5 Ne6 60. Rc6 Ng5 61. Rxa6 Nxh7 62. Nxh7 Rxh7 63. Rf6 Rxh3 64. e5 Ra3 65. e6 Rxa2 66. Kf7 1-0

[Event "GBR-ch 105th U2050"]
[Site "Hull"]
[Date "2018.07.31"]
[Round "2"]
[White "Rutherford, William"]
[Black "Clegg, Robert"]
[Result "1/2-1/2"]
[WhiteElo "1962"]
[BlackElo "1822"]
[PlyCount "110"]
[EventDate "2018.07.30"]
[EventType "swiss"]
[EventRounds "5"]
[EventCountry "ENG"]
[SourceTitle "EXT 2019"]
[Source "ChessBase"]
[SourceDate "2018.10.10"]
[SourceVersion "1"]
[SourceVersionDate "2018.10.10"]
[SourceQuality "1"]

1. d4 Nf6 2. c4 g6 3. Nc3 Bg7 4. e4 d6 5. f3 0-0 6. Be3 e5 7. Nge2 Nc6 8. Qd2 a6 9. 0-0-0 Rb8 10. h4 b5 11. Nd5 bxc4 12. Nxf6+ Bxf6 13. d5 Nb4 14. Nc3 Nd3+ 15. Bxd3 cxd3 16. h5 Bd7 17. g4 Bb5 18. Kb1 Bc4 19. g5 Be7 20. Qh2 Bxg5 21. hxg6 h6 22. Bxg5 Qxg5 23. Rdg1 Qf4 24. Qh3 f5 25. Qxh6 Qxh6 26. Rxh6 fxe4 27. g7 Rfc8 28. Nxe4 d2 29. Kc2 Bxa2 30. Nf6+ Kf7 31. g8Q+ Rxg8 32. Nxg8 Rxg8 33. Rh7+ Kf8 34. Rxg8+ Kxg8 35. Rxc7 Bxd5 36. Kxd2 Bxf3 37. Ra7 d5 38. Re7 e4 39. Ke3 Bd1 40. Ra7 Bb3 41. Rxa6 Kf7 42. Rb6 Ba2 43. Kd4 Ke7 44. Rh6 Bc4 45. b4 Kd7 46. Rg6 Kc7 47. Re6 Kd7 48. Rh6 Kc7 49. Ke3 Kb7 50. Rg6 Bb5 51. Re6 Bc6 52. Kd4 Kb6 53. Re7 Kb5 54. Kc3 Kb6 55. Kd4 Kb5 1/2-1/2

[Event "BCF-ch Weekend Under 1825 105th"]
[Site "Hull"]
[Date "2018.07.28"]
[Round "3.1"]
[White "Clegg, Robert"]
[Black "Taylor, Marcel V"]
[Result "1-0"]
[WhiteElo "1822"]
[BlackElo "1576"]
[PlyCount "72"]
[EventDate "2018.07.27"]
[EventType "swiss"]
[EventRounds "5"]
[EventCountry "ENG"]
[SourceTitle "EXT 2021"]
[Source "ChessBase"]
[SourceDate "2020.10.23"]
[SourceVersion "1"]
[SourceVersionDate "2020.10.23"]
[SourceQuality "1"]

1. d4 Nf6 2. c4 c5 3. d5 d6 4. Nc3 e5 5. e4 Be7 6. Bd3 0-0 7. Nge2 Ne8 8. Ng3 Bg5 9. 0-0 Bxc1 10. Qxc1 Na6 11. a3 Bd7 12. Rb1 b6 13. b4 f6 14. Qe3 Qe7 15. f4 exf4 16. Qxf4 Nec7 17. b5 Nb8 18. Be2 Re8 19. Bf3 Qe5 20. Qxe5 Rxe5 21. Rf2 g6 22. Ra2 h5 23. a4 Bg4 24. a5 Bxf3 25. gxf3 Nd7 26. Nf1 Ree8 27. f4 Kf7 28. Kf2 g5 29. Ne3 Rg8 30. Nf5 gxf4 31. Nh6+ Kg7 32. Nxg8 Kxg8 33. Ne2 f3 34. Nf4 Ne5 35. axb6 axb6 36. Rxa8+ Nxa8 1-0

[Event "BCF-ch Weekend Under 1825 105th"]
[Site "Hull"]
[Date "2018.07.27"]
[Round "1.2"]
[White "Clegg, Robert"]
[Black "Horlock, Peter J"]
[Result "1-0"]
[WhiteElo "1822"]
[BlackElo "1619"]
[PlyCount "77"]
[EventDate "2018.07.27"]
[EventType "swiss"]
[EventRounds "5"]
[EventCountry "ENG"]
[SourceTitle "EXT 2021"]
[Source "ChessBase"]
[SourceDate "2020.10.23"]
[SourceVersion "1"]
[SourceVersionDate "2020.10.23"]
[SourceQuality "1"]

1. d4 Nf6 2. c4 e6 3. Nc3 d5 4. cxd5 exd5 5. Bg5 Be7 6. e3 Nbd7 7. Bd3 c5 8. Nge2 cxd4 9. Nxd4 Nc5 10. Bc2 a6 11. 0-0 0-0 12. f3 Ne6 13. Bh4 Nxd4 14. Qxd4 Be6 15. Rad1 Nh5 16. Bf2 Qc7 17. Bb3 Rad8 18. Rc1 Qa5 19. Rfd1 Bf6 20. Qd3 d4 21. exd4 Nf4 22. Qf1 Bxb3 23. axb3 Qg5 24. Kh1 Qg6 25. Ne4 Rd5 26. Be3 Ne6 27. Qc4 Rfd8 28. Nc3 b5 29. Qb4 R5d7 30. Ne4 Bxd4 31. Bxd4 Rxd4 32. Rxd4 Rxd4 33. Qxd4 h6 34. Qd6 Qf5 35. Qxa6 Qd5 36. Qc8+ Kh7 37. Qc2 Kg8 38. Nf2 Nf4 39. Qe4 1-0

[Event "Doncaster 4NCL op-B 15th"]
[Site "Doncaster"]
[Date "2017.09.10"]
[Round "5"]
[White "Clegg, Robert"]
[Black "Hamilton, Douglas"]
[Result "1/2-1/2"]
[WhiteElo "1769"]
[BlackElo "1893"]
[PlyCount "81"]
[EventDate "2017.09.08"]
[EventType "swiss"]
[EventRounds "5"]
[EventCountry "ENG"]
[SourceTitle "CBM 180 Extra"]
[Source "ChessBase"]
[SourceDate "2017.10.06"]
[SourceVersion "1"]
[SourceVersionDate "2017.10.06"]
[SourceQuality "1"]

1. d4 e6 2. c4 f5 3. Bf4 Nf6 4. e3 b6 5. Nf3 Bb7 6. Be2 Be7 7. 0-0 0-0 8. Nc3 Ne4 9. Qc2 Nxc3 10. Qxc3 Bf6 11. c5 bxc5 12. Qxc5 Nc6 13. Rac1 d6 14. Qb5 Rb8 15. Rxc6 Bxc6 16. Qxc6 g5 17. Bg3 g4 18. Ne1 Qe7 19. Nd3 h5 20. f4 Rb6 21. Qc2 Qd7 22. Rc1 Rc8 23. Be1 c6 24. Ba5 Rbb8 25. b4 Bd8 26. Qa4 Bxa5 27. Qxa5 h4 28. Nb2 h3 29. g3 c5 30. dxc5 Qb7 31. Bf1 dxc5 32. b5 c4 33. a4 c3 34. Rxc3 Rxc3 35. Qxc3 Rc8 36. Nc4 Qf3 37. Qe5 Rxc4 38. Qxe6+ Kf8 39. Qxc4 Qxe3+ 40. Kh1 Qf3+ 41. Kg1 1/2-1/2

[Event "West Bromwich Midland op-B"]
[Site "West Bromwich"]
[Date "2017.08.12"]
[Round "3"]
[White "Clegg, Robert"]
[Black "Chung, Ethan Cheung Jing"]
[Result "1-0"]
[WhiteElo "1769"]
[BlackElo "1421"]
[PlyCount "39"]
[EventDate "2017.08.11"]
[EventType "swiss"]
[EventRounds "5"]
[EventCountry "ENG"]
[SourceTitle "CBM 180 Extra"]
[Source "ChessBase"]
[SourceDate "2017.10.06"]
[SourceVersion "1"]
[SourceVersionDate "2017.10.06"]
[SourceQuality "1"]

1. d4 d5 2. c4 e6 3. Nc3 c5 4. cxd5 cxd4 5. Qa4+ Qd7 6. Qxd4 Nc6 7. Qd1 Nb4 8. e4 exd5 9. Bb5 Nc6 10. exd5 a6 11. Qa4 axb5 12. Qxa8 Nd4 13. Rb1 Bd6 14. Nge2 Nc2+ 15. Kf1 Ne7 16. Qa5 0-0 17. Qxb5 Qf5 18. Ng3 Bxg3 19. hxg3 Ne3+ 20. Bxe3 1-0

[Event "West Bromwich Midland op-B"]
[Site "West Bromwich"]
[Date "2017.08.12"]
[Round "2"]
[White "Gogia, Armaan"]
[Black "Clegg, Robert"]
[Result "1/2-1/2"]
[WhiteElo "1272"]
[BlackElo "1769"]
[PlyCount "45"]
[EventDate "2017.08.11"]
[EventType "swiss"]
[EventRounds "5"]
[EventCountry "ENG"]
[SourceTitle "CBM 180 Extra"]
[Source "ChessBase"]
[SourceDate "2017.10.06"]
[SourceVersion "1"]
[SourceVersionDate "2017.10.06"]
[SourceQuality "1"]

1. e4 e6 2. Nf3 d5 3. Nc3 Nf6 4. e5 Nfd7 5. d4 c5 6. dxc5 Bxc5 7. Bd3 Nc6 8. Bf4 f6 9. exf6 Nxf6 10. 0-0 0-0 11. Qd2 Bd7 12. a3 a6 13. Rfe1 b5 14. b4 Be7 15. Ne2 Qb6 16. Nc1 Rac8 17. Nb3 Nd8 18. Be3 Qc6 19. Bc5 Bd6 20. Bxd6 Qxd6 21. Nc5 Nf7 22. Nd4 Rfe8 23. a4 1/2-1/2

[Event "GBR-ch U1750 op 104th"]
[Site "Llandudno"]
[Date "2017.08.04"]
[Round "5"]
[White "Clegg, Robert"]
[Black "Crouch, Timothy J"]
[Result "1-0"]
[WhiteElo "1734"]
[BlackElo "1471"]
[PlyCount "87"]
[EventDate "2017.07.31"]
[EventType "swiss"]
[EventRounds "5"]
[EventCountry "WLS"]
[SourceTitle "EXT 2019"]
[Source "ChessBase"]
[SourceDate "2018.10.10"]
[SourceVersion "1"]
[SourceVersionDate "2018.10.10"]
[SourceQuality "1"]

1. d4 d5 2. c4 e6 3. Nc3 c6 4. Nf3 Nf6 5. Bg5 Nbd7 6. e3 Qa5 7. Nd2 Bb4 8. Bxf6 Nxf6 9. Qc2 0-0 10. Be2 Bxc3 11. bxc3 dxc4 12. Nxc4 Qg5 13. Bf3 Nd7 14. Nd6 Qe7 15. Ne4 Nf6 16. Ng3 e5 17. e4 exd4 18. cxd4 Qb4+ 19. Qd2 Qxd2+ 20. Kxd2 Bg4 21. Bxg4 Nxg4 22. f3 Nf6 23. a4 Rad8 24. Ke3 Rd7 25. Rhd1 g6 26. a5 a6 27. Rab1 Ne8 28. e5 Ng7 29. Rd2 Ne6 30. Ne4 Kg7 31. Nd6 Rb8 32. Rdb2 Nd8 33. f4 Kf8 34. g4 h6 35. f5 Ke7 36. h4 g5 37. hxg5 hxg5 38. Rh1 Rc7 39. Ne4 Kd7 40. Rh7 Kc8 41. Nxg5 Rd7 42. Ne4 b6 43. axb6 Rdb7 44. Nd6+ 1-0

[Event "GBR-ch U1900 op 104th"]
[Site "Llandudno"]
[Date "2017.08.01"]
[Round "2"]
[White "Clegg, Robert"]
[Black "Taylor, Robert P"]
[Result "1-0"]
[WhiteElo "1734"]
[BlackElo "1854"]
[PlyCount "89"]
[EventDate "2017.07.31"]
[EventType "swiss"]
[EventRounds "5"]
[EventCountry "WLS"]
[SourceTitle "EXT 2019"]
[Source "ChessBase"]
[SourceDate "2018.10.10"]
[SourceVersion "1"]
[SourceVersionDate "2018.10.10"]
[SourceQuality "1"]

1. d4 Nc6 2. c4 d6 3. Nc3 Bf5 4. e4 Bg6 5. Nh3 e5 6. d5 Nce7 7. Bd3 f5 8. f3 f4 9. Qa4+ Qd7 10. Qxd7+ Kxd7 11. 0-0 h6 12. Bd2 Nf6 13. b4 Bh7 14. Nf2 g5 15. Be2 h5 16. c5 Bg6 17. Rfc1 Rc8 18. Nb5 a6 19. cxd6 cxd6 20. Na3 Bg7 21. b5 Ra8 22. Nc4 Nc8 23. bxa6 bxa6 24. Rab1 Ke7 25. Na5 Nd7 26. Rb7 Be8 27. Rcc7 Bf8 28. Nd3 Kf6 29. Rxd7 Bxd7 30. Rxd7 Be7 31. Nb4 Bd8 32. Nxa6 Bb6+ 33. Kf1 Rd8 34. Rb7 Bd4 35. Nc6 Rf8 36. a4 Rf7 37. Rb1 Na7 38. a5 Rc8 39. Nab8 Bc5 40. a6 Rg7 41. Ba5 g4 42. Rb7 gxf3 43. Bxf3 h4 44. h3 Rcg8 45. Bd8+ 1-0

[Event "GBR-ch Soanes op 104th"]
[Site "Llandudno"]
[Date "2017.07.30"]
[Round "4"]
[White "Burton, Richard"]
[Black "Clegg, Robert"]
[Result "0-1"]
[WhiteElo "1772"]
[BlackElo "1734"]
[PlyCount "134"]
[EventDate "2017.07.28"]
[EventType "swiss"]
[EventRounds "5"]
[EventCountry "WLS"]
[SourceTitle "EXT 2019"]
[Source "ChessBase"]
[SourceDate "2018.10.10"]
[SourceVersion "1"]
[SourceVersionDate "2018.10.10"]
[SourceQuality "1"]

1. d4 Nf6 2. c4 g6 3. Nf3 Bg7 4. Nc3 d6 5. e4 0-0 6. Be2 e5 7. d5 a5 8. 0-0 Na6 9. h3 Nc5 10. Qc2 Nfd7 11. Bg5 Qe8 12. Nb5 Na6 13. Nd2 h6 14. Be3 f5 15. exf5 gxf5 16. f3 Nf6 17. Bd3 Qh5 18. a3 Bd7 19. Rae1 Kh8 20. Nb3 b6 21. Nc3 Rg8 22. f4 e4 23. Be2 Qg6 24. Bd1 Nc5 25. Nxc5 dxc5 26. Qf2 Rae8 27. Kh1 Nh5 28. Kh2 Bf6 29. Bxh5 Qxh5 30. g3 Re7 31. Rg1 Qe8 32. d6 Bxc3 33. bxc3 cxd6 34. Qd2 Rg6 35. Re2 Be6 36. Reg2 h5 37. Qe2 Rh6 38. h4 Qa4 39. Qb2 Rb7 40. Rd2 Bxc4 41. Rgd1 Qc6 42. Rd5 Rf6 43. R5d2 d5 44. Rc1 Kg7 45. Qc2 a4 46. Qd1 Kg6 47. Rg2 Bd3 48. Kg1 Qb5 49. Rh2 Qb3 50. Qe1 Qxa3 51. g4 fxg4 52. Rf2 Kf5 53. Ra1 Qb3 54. Rfa2 Ra7 55. Qd2 a3 56. Qc1 Ra5 57. Bd2 Ra4 58. Qe1 d4 59. cxd4 cxd4 60. Qc1 Bc4 61. Rxa3 Rxa3 62. Rxa3 Qb5 63. Ra1 e3 64. Qc2+ d3 65. Qc1 exd2 66. Qxd2 Re6 67. Ra8 Qb1+ 0-1

[Event "London Classic op U1825 8th"]
[Site "London"]
[Date "2016.12.10"]
[Round "2"]
[White "Pradhan, Abhishek"]
[Black "Clegg, Robert"]
[Result "0-1"]
[WhiteElo "1605"]
[BlackElo "1818"]
[PlyCount "78"]
[EventDate "2016.12.09"]
[EventType "swiss"]
[EventRounds "5"]
[EventCountry "ENG"]
[SourceTitle "EXT 2019"]
[Source "ChessBase"]
[SourceDate "2018.10.10"]
[SourceVersion "1"]
[SourceVersionDate "2018.10.10"]
[SourceQuality "1"]

1. d4 Nf6 2. c4 g6 3. Nc3 Bg7 4. e4 d6 5. Nf3 0-0 6. Bd3 e5 7. d5 Na6 8. a3 Nc5 9. Bc2 a5 10. Be3 b6 11. 0-0 Ne8 12. b4 axb4 13. axb4 Rxa1 14. Qxa1 Na6 15. b5 Nc5 16. Bxc5 dxc5 17. Qc1 Nd6 18. Bd3 f5 19. h3 f4 20. Kh1 g5 21. Nh2 Rf6 22. f3 h5 23. Qd1 Rh6 24. Kg1 Qf6 25. Nb1 Rg6 26. Nd2 Bf8 27. Be2 Qg7 28. Kh1 Ne8 29. Rg1 Nf6 30. g4 fxg3 31. Rxg3 h4 32. Rg4 Nh5 33. Qf1 Bxg4 34. Qg2 Bd7 35. Ng4 Ng3+ 36. Kh2 Bxg4 37. fxg4 Qf7 38. Bf3 Qf4 39. Kg1 Rf6 0-1